000
00325nam a2200133Ia 4500
008
240624s9999 xx 000 0 und d
041
_a
eng
082
_a
828 BHA
100
_a
BHAGAT CHETAN
245
_a
WHAT YOUNG INDIA WANTS
260
_c
2015
_a
New Delhi
_b
Rupa Publication India
300
_a
181 : p.
365
_c
RS
_b
30
999
_c
28507
_d
28507